[Event "World-chT Rapid"]
[Site "Dusseldorf"]
[Date "2023.08.28"]
[Round "10"]
[White "Hollstein, Jonas"]
[Black "Ahn, Anastasia"]
[Result "1-0"]
[WhiteElo "1495"]
[BlackElo "1592"]
[PlyCount "43"]
[EventDate "2023.08.26"]
[EventType "team-swiss (rapid)"]
[EventRounds "12"]
[EventCountry "GER"]
[SourceTitle "CBM 215 Extra"]
[Source "ChessBase"]
[SourceDate "2023.09.30"]
[SourceVersion "1"]
[SourceVersionDate "2023.09.30"]
[SourceQuality "1"]
[WhiteTeam "Bayreuth Unischach"]
[BlackTeam "Aachen"]
[WhiteTeamCountry "GER"]
[BlackTeamCountry "GER"]

1. e4 c5 2. Nc3 Nc6 3. g3 g6 4. Bg2 Bg7 5. d3 e6 6. Be3 d6 7. Bh6 Nge7 8. Qd2 0-0 9. h4 d5 10. h5 dxe4 11. hxg6 fxg6 12. Bxg7 Kxg7 13. Qh6+ Kf7 14. Nxe4 Qa5+ 15. c3 Rd8 16. Qxh7+ Kf8 17. Nf6 Nf5 18. Qh8+ Ke7 19. Rh7+ Kd6 20. Ne4+ Kd5 21. Nd2+ Kd6 22. Nc4# 1-0

[Event "World-chT Rapid"]
[Site "Dusseldorf"]
[Date "2023.08.26"]
[Round "1.16"]
[White "Hollstein, Jonas"]
[Black "Breest, Axel"]
[Result "1/2-1/2"]
[WhiteElo "1495"]
[BlackElo "1979"]
[PlyCount "54"]
[EventDate "2023.08.26"]
[EventType "team-swiss (rapid)"]
[EventRounds "12"]
[EventCountry "GER"]
[SourceTitle "CBM 215 Extra"]
[Source "ChessBase"]
[SourceDate "2023.09.30"]
[SourceVersion "1"]
[SourceVersionDate "2023.09.30"]
[SourceQuality "1"]
[WhiteTeam "Bayreuth Unischach"]
[BlackTeam "Ukraine Amators"]
[WhiteTeamCountry "GER"]
[BlackTeamCountry "UKR"]

1. e4 d5 2. exd5 c6 3. dxc6 Nxc6 4. Nf3 e5 5. Nc3 Nf6 6. Be2 Bd6 7. d3 h6 8. h3 0-0 9. 0-0 Re8 10. Be3 Bb8 11. a3 Nd4 12. Ne4 Bf5 13. Nxf6+ Qxf6 14. Nd2 Nxe2+ 15. Qxe2 Qg6 16. Kh1 a6 17. Rae1 b5 18. g4 Bd7 19. f3 h5 20. Qg2 hxg4 21. hxg4 Bc6 22. Bf2 Qh6+ 23. Qh2 Qxd2 24. Kg2 Re6 25. Rh1 Rh6 26. Qg3 e4 27. f4 Bxf4 1/2-1/2

[Event "World-chT Rapid"]
[Site "Dusseldorf"]
[Date "2023.08.26"]
[Round "2.17"]
[White "Hollstein, Jonas"]
[Black "Peglau, Paul David"]
[Result "0-1"]
[WhiteElo "1495"]
[BlackElo "1768"]
[PlyCount "80"]
[EventDate "2023.08.26"]
[EventType "team-swiss (rapid)"]
[EventRounds "12"]
[EventCountry "GER"]
[SourceTitle "CBM 215 Extra"]
[Source "ChessBase"]
[SourceDate "2023.09.30"]
[SourceVersion "1"]
[SourceVersionDate "2023.09.30"]
[SourceQuality "1"]
[WhiteTeam "Bayreuth Unischach"]
[BlackTeam "Mitropa Chess Association"]
[WhiteTeamCountry "GER"]
[BlackTeamCountry "GER"]

1. e4 e5 2. Nf3 Nc6 3. Bb5 f5 4. Nc3 fxe4 5. Nxe4 Nf6 6. d3 d5 7. Ng3 Bd6 8. 0-0 0-0 9. Re1 Bg4 10. h3 Bxf3 11. Qxf3 Ne4 12. Nf5 Nd4 13. Qg4 Rxf5 14. dxe4 Rf8 15. Bd3 Qf6 16. Be3 c6 17. Rad1 Ne6 18. g3 d4 19. Bc1 Qxf2+ 20. Kh1 Qf3+ 21. Qxf3 Rxf3 22. Kg2 Rf6 23. Bc4 b5 24. Bb3 c5 25. Bd5 Raf8 26. Rf1 h6 27. g4 Kh7 28. Bxe6 Rxe6 29. Rf5 Ref6 30. Rdf1 Kg6 31. h4 c4 32. g5 hxg5 33. Bxg5 Rxf5 34. exf5+ Rxf5 35. Re1 Kf7 36. Re2 Be7 37. Bxe7 Kxe7 38. Kg3 Kf6 39. Kg4 Rf4+ 40. Kh5 g6+ 0-1